01131nam a2200241Ia 4500003000900000008004100009020002200050040001600072080002300088111011700111245021700228260004800445300002300493650003200516650003800548650003500586700003300621700003600654700003700690942000700727999001700734952013800751IN-BaIIA211028s9999 xx 000 0 eng d a978-0-521-88989-6 cIIA Library a082.2:52bIAU-S258 aSymposium of the International Astronomical Union on the Ages of Starsn258thcBaltimored2008 Oct. 13-17933179 4aThe ages of Starsbproceedings of the 258th Symposium of the IAU on the ages of Stars, held in Baltimore, Maryland, USA, October 13-17, 2008cedited by Eric E. Mamajek, David R. Soderblom, and Rosemary F.G. Wyse. aCambridgebCambridge University Pressc2009 a[various pagings.] aStars-Age-Congresses933180 aStars-Evolution-Congresses914449 aWhite dwarfs-Congresses933181 aMamajek, Eric E., ed.933182 aSoderblom, David R., ed.933183 aWyse, Rosemary F. G., ed.933184 cBK c17554d17554 00104070aBANbBANcGENd2009-12-17eGB g450.00l0o082.2:52/ IAU-S258p18476r2021-11-05v450.00w2009-12-17yBKGRs. 450.00